[Event "14th Iranian Super League (Men - 1st Season) 2015 "]
[Site "Mazandaran (Sari)"]
[Date "2015.07.19"]
[Round "4"]
[Board "2"]
[White "Tahbaz, Arash"]
[Black "Moosavian, S.Hamed"]
[Result "1-0"]
[WhiteElo "2296"]
[BlackElo "2341"]
[PlyCount "0"]
[EventDate "2015.07.17"]
[EventType "team"]
[EventRounds "13"]
[EventCountry "IRI"]
[WhiteTeam "Donya felez Rasht"]
[BlackTeam "Perspolis Tehran"]

1. e4 {[%clk 1:30:51]} e6 {[%clk 1:27:37]} 2. d4 {[%clk 1:30:31]} d5
{[%clk 1:28:03]} 3. Nd2 {[%clk 1:30:32]} c5 {[%clk 1:28:27]} 4. exd5
{[%clk 1:30:52]} exd5 {[%clk 1:28:55]} 5. Ngf3 {[%clk 1:30:30]} Nc6
{[%clk 1:29:10]} 6. Bb5 {[%clk 1:30:13]} Bd6 {[%clk 1:29:11]} 7. dxc5
{[%clk 1:29:32]} Bxc5 {[%clk 1:29:38]} 8. O-O {[%clk 1:29:43]} Nge7
{[%clk 1:29:51]} 9. Nb3 {[%clk 1:29:14]} Bd6 {[%clk 1:29:51]} 10. Re1
{[%clk 1:28:28]} O-O {[%clk 1:30:09]} 11. Bd3 {[%clk 1:28:46]} h6
{[%clk 1:30:13]} 12. h3 {[%clk 1:26:30]} Nf5 {[%clk 1:30:34]} 13. c3
{[%clk 1:25:10]} Qf6 {[%clk 1:30:51]} 14. Bc2 {[%clk 1:14:50]} Rd8
{[%clk 1:31:09]} 15. Qd3 {[%clk 1:10:11]} g6 {[%clk 1:31:30]} 16. Nbd4
{[%clk 1:02:50]} Bf8 {[%clk 1:13:53]} 17. Be3 {[%clk 1:00:05]} Nxe3
{[%clk 1:03:41]} 18. Rxe3 {[%clk 0:59:17]} Bd7 {[%clk 1:03:36]} 19. Bb3
{[%clk 0:57:49]} Be8 {[%clk 1:03:31]} 20. Rae1 {[%clk 0:57:30]} Qd6
{[%clk 1:00:24]} 21. Nb5 {[%clk 0:50:36]} Qd7 {[%clk 0:55:38]} 22. Qxd5
{[%clk 0:49:23]} Qxd5 {[%clk 0:46:53]} 23. Bxd5 {[%clk 0:49:42]} Ne7
{[%clk 0:46:21]} 24. Nc7 {[%clk 0:46:04]} Nxd5 {[%clk 0:39:16]} 25. Nxd5
{[%clk 0:46:18]} Rxd5 {[%clk 0:38:49]} 26. Rxe8 {[%clk 0:46:44]} Rxe8
{[%clk 0:39:12]} 27. Rxe8 {[%clk 0:47:09]} Kg7 {[%clk 0:39:18]} 28. Kf1
{[%clk 0:46:17]} Rd1+ {[%clk 0:35:58]} 29. Re1 {[%clk 0:46:16]} Rd5
{[%clk 0:34:41]} 30. Ke2 {[%clk 0:45:13]} Bc5 {[%clk 0:35:02]} 31. b4
{[%clk 0:45:08]} Bb6 {[%clk 0:34:48]} 32. c4 {[%clk 0:44:52]} Rd7
{[%clk 0:35:04]} 33. c5 {[%clk 0:44:25]} Bc7 {[%clk 0:35:29]} 34. Rd1
{[%clk 0:44:27]} Re7+ {[%clk 0:35:57]} 35. Kd3 {[%clk 0:44:37]} f5
{[%clk 0:33:51]} 36. Re1 {[%clk 0:43:05]} Rd7+ {[%clk 0:34:08]} 37. Kc4
{[%clk 0:43:29]} Kf6 {[%clk 0:32:08]} 38. Re8 {[%clk 0:41:59]} g5
{[%clk 0:32:05]} 39. Nd4 {[%clk 0:40:05]} Rf7 {[%clk 0:28:07]} 40. Ra8
{[%clk 0:33:56]} a6 {[%clk 0:22:09]} 41. c6 {[%clk 0:31:48]} Bb6 {[%clk 0:22:37]}
42. cxb7 {[%clk 0:29:51]} Rxb7 {[%clk 0:23:02]} 43. Rxa6 {[%clk 0:30:10]} Ke5
{[%clk 0:23:28]} 44. Nc6+ {[%clk 0:23:11]} Kd6 {[%clk 0:14:33]} 45. Nd8
{[%clk 0:22:47]} 1-0

[Event "14th Iranian Super League (Men - 1st Season) 2015 "]
[Site "Mazandaran (Sari)"]
[Date "2015.07.19"]
[Round "4"]
[Board "3"]
[White "Faghirnavaz, Ali"]
[Black "Rastbod, Ali"]
[Result "0-1"]
[WhiteElo "2327"]
[BlackElo "2156"]
[PlyCount "0"]
[EventDate "2015.07.17"]
[EventType "team"]
[EventRounds "13"]
[EventCountry "IRI"]
[WhiteTeam "Perspolis Tehran"]
[BlackTeam "Donya felez Rasht"]

1. d4 {[%clk 1:26:23]} Nf6 {[%clk 1:30:01]} 2. Nf3 {[%clk 1:25:05]} d5
{[%clk 1:27:21]} 3. e3 {[%clk 1:21:54]} c5 {[%clk 1:27:11]} 4. c3
{[%clk 1:15:50]} cxd4 {[%clk 1:26:35]} 5. exd4 {[%clk 1:08:14]} g6
{[%clk 1:26:25]} 6. h3 {[%clk 1:07:26]} Bg7 {[%clk 1:26:48]} 7. Bf4
{[%clk 1:07:09]} O-O {[%clk 1:27:00]} 8. Nbd2 {[%clk 1:05:48]} Nc6
{[%clk 1:27:05]} 9. Be2 {[%clk 1:00:12]} Nh5 {[%clk 1:21:37]} 10. Bh2
{[%clk 0:57:24]} Bh6 {[%clk 1:21:07]} 11. O-O {[%clk 0:57:06]} Nf4
{[%clk 1:17:12]} 12. Re1 {[%clk 0:55:51]} f6 {[%clk 1:04:09]} 13. Bf1
{[%clk 0:49:26]} g5 {[%clk 0:55:05]} 14. Bxf4 {[%clk 0:44:04]} gxf4
{[%clk 0:55:24]} 15. c4 {[%clk 0:44:28]} e6 {[%clk 0:35:20]} 16. Rc1
{[%clk 0:31:47]} Kh8 {[%clk 0:32:26]} 17. cxd5 {[%clk 0:21:46]} exd5
{[%clk 0:32:07]} 18. Bd3 {[%clk 0:19:24]} Rg8 {[%clk 0:32:08]} 19. Kh1
{[%clk 0:19:31]} Qf8 {[%clk 0:30:58]} 20. Nb3 {[%clk 0:13:57]} Qf7
{[%clk 0:28:50]} 21. Nc5 {[%clk 0:06:21]} Nd8 {[%clk 0:16:26]} 22. Rc2
{[%clk 0:05:48]} Bf8 {[%clk 0:09:25]} 23. Nh4 {[%clk 0:04:50]} Ne6
{[%clk 0:06:08]} 24. Nxe6 {[%clk 0:02:52]} Bxe6 {[%clk 0:06:37]} 25. Rg1
{[%clk 0:00:55]} Bd6 {[%clk 0:06:05]} 26. Bf5 {[%clk 0:00:48]} Rg5
{[%clk 0:06:03]} 27. Bxe6 {[%clk 0:01:09]} Qxe6 {[%clk 0:06:32]} 28. Re2
{[%clk 0:00:55]} Qd7 {[%clk 0:06:28]} 29. Qd3 {[%clk 0:00:35]} Rag8
{[%clk 0:06:33]} 30. a3 {[%clk 0:00:32]} Rh5 {[%clk 0:06:34]} 31. Nf3
{[%clk 0:00:31]} Rxh3+ {[%clk 0:06:49]} 0-1

[Event "14th Iranian Super League (Men - 1st Season) 2015 "]
[Site "Mazandaran (Sari)"]
[Date "2015.07.19"]
[Round "4"]
[Board "4"]
[White "Omidi, Arya"]
[Black "Sheykhhasani, Bardia"]
[Result "1-0"]
[WhiteElo "2134"]
[BlackElo "2297"]
[PlyCount "0"]
[EventDate "2015.07.17"]
[EventType "team"]
[EventRounds "13"]
[EventCountry "IRI"]
[WhiteTeam "Donya felez Rasht"]
[BlackTeam "Perspolis Tehran"]

1. d4 {[%clk 1:30:50]} e6 {[%clk 1:26:52]} 2. Nf3 {[%clk 1:31:14]} Nf6
{[%clk 1:27:03]} 3. g3 {[%clk 1:31:43]} d5 {[%clk 1:25:22]} 4. Bg2
{[%clk 1:32:12]} Be7 {[%clk 1:25:38]} 5. O-O {[%clk 1:32:40]} O-O
{[%clk 1:25:59]} 6. c4 {[%clk 1:33:10]} dxc4 {[%clk 1:25:46]} 7. Qa4
{[%clk 1:33:13]} a6 {[%clk 1:22:06]} 8. Qxc4 {[%clk 1:33:40]} b5 {[%clk 1:22:31]}
9. Qc2 {[%clk 1:32:42]} Bb7 {[%clk 1:22:54]} 10. Bf4 {[%clk 1:26:24]} Nc6
{[%clk 1:15:05]} 11. a3 {[%clk 1:17:25]} Nd5 {[%clk 0:53:15]} 12. Bd2
{[%clk 1:15:29]} Bf6 {[%clk 0:50:01]} 13. e4 {[%clk 1:08:54]} Nb6
{[%clk 0:50:10]} 14. e5 {[%clk 1:07:56]} Be7 {[%clk 0:50:18]} 15. Be3
{[%clk 1:08:15]} f5 {[%clk 0:38:45]} 16. exf6 {[%clk 0:56:03]} Bxf6
{[%clk 0:38:52]} 17. Nc3 {[%clk 0:53:24]} Nd5 {[%clk 0:26:56]} 18. Ne4
{[%clk 0:52:21]} Nxe3 {[%clk 0:23:04]} 19. fxe3 {[%clk 0:52:46]} Be7
{[%clk 0:18:06]} 20. Rac1 {[%clk 0:51:38]} h6 {[%clk 0:16:10]} 21. Nc5
{[%clk 0:45:00]} Bxc5 {[%clk 0:13:21]} 22. Qxc5 {[%clk 0:45:26]} Rf5
{[%clk 0:07:58]} 23. Qc3 {[%clk 0:45:09]} Qd6 {[%clk 0:06:07]} 24. Nd2
{[%clk 0:42:58]} Rxf1+ {[%clk 0:04:48]} 25. Nxf1 {[%clk 0:43:11]} Nd8
{[%clk 0:03:14]} 26. Qxc7 {[%clk 0:42:37]} Qxc7 {[%clk 0:03:37]} 27. Rxc7
{[%clk 0:43:05]} Bxg2 {[%clk 0:03:11]} 28. Kxg2 {[%clk 0:43:33]} Nf7
{[%clk 0:03:19]} 29. Nd2 {[%clk 0:43:30]} a5 {[%clk 0:03:03]} 30. Ne4
{[%clk 0:43:30]} b4 {[%clk 0:02:26]} 31. a4 {[%clk 0:43:43]} Rd8 {[%clk 0:01:58]}
32. Rc5 {[%clk 0:40:26]} Rd5 {[%clk 0:01:44]} 33. Rc8+ {[%clk 0:40:38]} Kh7
{[%clk 0:01:44]} 34. Rc7 {[%clk 0:39:11]} Kg8 {[%clk 0:00:47]} 35. Nc5
{[%clk 0:34:59]} e5 {[%clk 0:00:54]} 36. Nb3 {[%clk 0:31:24]} exd4
{[%clk 0:00:58]} 37. exd4 {[%clk 0:31:53]} Ng5 {[%clk 0:00:40]} 38. Rc5
{[%clk 0:29:47]} Rd6 {[%clk 0:00:38]} 39. Rxa5 {[%clk 0:28:44]} Ne6
{[%clk 0:01:02]} 40. Rb5 {[%clk 0:27:57]} Nxd4 {[%clk 0:01:27]} 41. Rxb4
{[%clk 0:28:05]} Nc2 {[%clk 0:01:18]} 42. Rb8+ {[%clk 0:28:09]} Kf7
{[%clk 0:01:40]} 43. Nc5 {[%clk 0:26:33]} Rc6 {[%clk 0:01:34]} 44. Nd3
{[%clk 0:26:52]} Rd6 {[%clk 0:01:53]} 45. Ne5+ {[%clk 0:25:07]} Kf6
{[%clk 0:01:51]} 46. Nc4 {[%clk 0:25:25]} Rd4 {[%clk 0:01:31]} 47. b3
{[%clk 0:25:40]} Na1 {[%clk 0:01:35]} 48. Rb6+ {[%clk 0:24:20]} Ke7
{[%clk 0:01:41]} 49. Rb7+ {[%clk 0:21:53]} Kf6 {[%clk 0:02:05]} 50. Ne3
{[%clk 0:20:35]} Rd3 {[%clk 0:02:09]} 51. Ng4+ {[%clk 0:20:57]} Kf5
{[%clk 0:02:10]} 52. Rxg7 {[%clk 0:17:41]} h5 {[%clk 0:02:40]} 53. Nf2
{[%clk 0:17:12]} Rxb3 {[%clk 0:03:03]} 54. h4 {[%clk 0:17:41]} Ra3
{[%clk 0:01:34]} 55. Rg5+ {[%clk 0:18:09]} Kf6 {[%clk 0:01:28]} 56. a5
{[%clk 0:17:36]} Nb3 {[%clk 0:02:23]} 57. Ne4+ {[%clk 0:17:51]} Kf7
{[%clk 0:02:36]} 58. Nd6+ {[%clk 0:17:22]} Kf6 {[%clk 0:02:54]} 59. Nb7
{[%clk 0:17:27]} Ra2+ {[%clk 0:03:05]} 60. Kh3 {[%clk 0:17:39]} 1-0

[Event "14th Iranian Super League (Men - 1st Season) 2015 "]
[Site "Mazandaran (Sari)"]
[Date "2015.07.19"]
[Round "4"]
[Board "2"]
[White "Tari, Aryan"]
[Black "Darini, Pouria"]
[Result "1/2-1/2"]
[WhiteElo "2499"]
[BlackElo "2479"]
[PlyCount "0"]
[EventDate "2015.07.17"]
[EventType "team"]
[EventRounds "13"]
[EventCountry "IRI"]
[WhiteTeam "Sipa"]
[BlackTeam "Esteghlal Tehran"]

1. c4 Nf6 2. Nc3 g6 3. g3 d5 4. cxd5 Nxd5 5. Bg2 Nb6 6. d3 Bg7 7. Be3 O-O 8. Qd2
Nc6 9. Bxc6 bxc6 10. Bh6 c5 11. Bxg7 Kxg7 12. Nf3 c4 13. dxc4 Nxc4 14. Qf4 Nd6
15. O-O f6 16. Rfd1 Bb7 17. Rac1 e5 18. Qb4 Rf7 19. Nd5 a5 20. Qc3 Bxd5 21. Rxd5
Qb8 22. Rc2 Qb6 23. Qc6 Qxc6 24. Rxc6 1/2-1/2

[Event "14th Iranian Super League (Men - 1st Season) 2015 "]
[Site "Mazandaran (Sari)"]
[Date "2015.07.19"]
[Round "4"]
[Board "3"]
[White "Toufighi, Homayoon"]
[Black "Maghsoodloo, Parham"]
[Result "1/2-1/2"]
[WhiteElo "2399"]
[BlackElo "2411"]
[PlyCount "0"]
[EventDate "2015.07.17"]
[EventType "team"]
[EventRounds "13"]
[EventCountry "IRI"]
[WhiteTeam "Esteghlal Tehran"]
[BlackTeam "Sipa"]

1. e4 {[%clk 1:20:53]} c6 {[%clk 1:30:24]} 2. d4 {[%clk 1:12:12]} d5
{[%clk 1:30:48]} 3. exd5 {[%clk 1:07:26]} cxd5 {[%clk 1:30:35]} 4. c4
{[%clk 1:07:54]} Nf6 {[%clk 1:30:44]} 5. Nc3 {[%clk 1:08:14]} e6 {[%clk 1:29:51]}
6. Nf3 {[%clk 1:08:29]} Be7 {[%clk 1:29:50]} 7. Be3 {[%clk 1:07:23]} dxc4
{[%clk 1:27:51]} 8. Bxc4 {[%clk 1:07:39]} O-O {[%clk 1:26:55]} 9. O-O
{[%clk 1:07:40]} Nc6 {[%clk 1:22:21]} 10. a3 {[%clk 1:02:51]} Bd7
{[%clk 1:21:23]} 11. Rc1 {[%clk 1:02:56]} Rc8 {[%clk 1:18:56]} 12. Qe2
{[%clk 1:02:32]} Be8 {[%clk 1:07:10]} 13. Rfd1 {[%clk 1:00:02]} Nd5
{[%clk 1:07:27]} 14. Nxd5 {[%clk 0:59:25]} exd5 {[%clk 1:07:35]} 15. Ba2
{[%clk 0:59:50]} a6 {[%clk 1:03:55]} 16. Qd3 {[%clk 0:58:18]} Na7
{[%clk 0:48:08]} 17. Qf5 {[%clk 0:54:14]} Bc6 {[%clk 0:45:46]} 18. Ne5
{[%clk 0:54:34]} Nb5 {[%clk 0:42:50]} 19. Qf3 {[%clk 0:46:12]} Bf6
{[%clk 0:32:08]} 20. Ng4 {[%clk 0:43:26]} Bg5 {[%clk 0:28:00]} 21. Bxg5
{[%clk 0:37:40]} Qxg5 {[%clk 0:27:57]} 22. Ne3 {[%clk 0:37:59]} Rcd8
{[%clk 0:25:54]} 23. g3 {[%clk 0:36:16]} Nc7 {[%clk 0:22:22]} 24. h4
{[%clk 0:36:37]} Qe7 {[%clk 0:22:45]} 25. Re1 {[%clk 0:34:24]} Rfe8
{[%clk 0:20:08]} 26. Rcd1 {[%clk 0:30:47]} Qe4 {[%clk 0:19:46]} 27. Qxe4
{[%clk 0:29:44]} Rxe4 {[%clk 0:19:21]} 28. f3 {[%clk 0:29:43]} Re6
{[%clk 0:19:38]} 29. Kf2 {[%clk 0:30:06]} Rde8 {[%clk 0:17:54]} 30. Ng2
{[%clk 0:26:15]} Rxe1 {[%clk 0:14:04]} 31. Nxe1 {[%clk 0:26:17]} Kf8
{[%clk 0:14:25]} 32. Ng2 {[%clk 0:26:08]} Ke7 {[%clk 0:12:24]} 33. Ne3
{[%clk 0:26:11]} Rd8 {[%clk 0:12:41]} 34. h5 {[%clk 0:22:16]} g6 {[%clk 0:09:42]}
35. Bb3 {[%clk 0:22:21]} Ne6 {[%clk 0:09:09]} 36. Ng4 {[%clk 0:15:43]} Rd6
{[%clk 0:09:38]} 37. hxg6 {[%clk 0:14:59]} hxg6 {[%clk 0:10:02]} 38. Ne5
{[%clk 0:15:20]} Be8 {[%clk 0:10:31]} 39. Rd2 {[%clk 0:15:36]} f6
{[%clk 0:10:03]} 40. Ng4 {[%clk 0:13:23]} Nc7 {[%clk 0:09:26]} 41. Ne3
{[%clk 0:13:39]} Bf7 1/2-1/2

[Event "14th Iranian Super League (Men - 1st Season) 2015 "]
[Site "Mazandaran (Sari)"]
[Date "2015.07.19"]
[Round "4"]
[Board "4"]
[White "Javanbakht, Nima"]
[Black "Alavi, Sayed Javad"]
[Result "1/2-1/2"]
[WhiteElo "2406"]
[BlackElo "2434"]
[PlyCount "0"]
[EventDate "2015.07.17"]
[EventType "team"]
[EventRounds "13"]
[EventCountry "IRI"]
[WhiteTeam "Sipa"]
[BlackTeam "Esteghlal Tehran"]

1. d4 {[%clk 1:25:49]} Nf6 {[%clk 1:27:33]} 2. c4 {[%clk 1:26:02]} e6
{[%clk 1:27:51]} 3. Nf3 {[%clk 1:26:10]} d5 {[%clk 1:27:59]} 4. Bg5
{[%clk 1:26:27]} h6 {[%clk 1:27:52]} 5. Bxf6 {[%clk 1:26:53]} Qxf6
{[%clk 1:28:19]} 6. Nc3 {[%clk 1:27:18]} c6 {[%clk 1:28:28]} 7. e3
{[%clk 1:27:44]} Nd7 {[%clk 1:27:37]} 8. Bd3 {[%clk 1:25:56]} dxc4
{[%clk 1:27:09]} 9. Bxc4 {[%clk 1:26:20]} g6 {[%clk 1:27:16]} 10. O-O
{[%clk 1:26:30]} Bg7 {[%clk 1:27:27]} 11. Rc1 {[%clk 1:26:56]} O-O
{[%clk 1:27:08]} 12. b4 {[%clk 1:27:08]} Qe7 {[%clk 0:58:26]} 13. Qb3
{[%clk 1:21:48]} b6 {[%clk 0:55:45]} 14. Rfd1 {[%clk 1:09:50]} Bb7
{[%clk 0:55:10]} 15. e4 {[%clk 1:09:26]} Rfd8 {[%clk 0:47:08]} 16. a4
{[%clk 1:03:56]} a5 {[%clk 0:35:39]} 17. bxa5 {[%clk 0:56:48]} Rxa5
{[%clk 0:35:39]} 18. h3 {[%clk 0:56:47]} Raa8 {[%clk 0:33:11]} 19. Rb1
{[%clk 0:37:15]} Rab8 {[%clk 0:30:18]} 20. Re1 {[%clk 0:34:32]} Ba8
{[%clk 0:29:08]} 21. Rbd1 {[%clk 0:31:52]} Rbc8 {[%clk 0:24:16]} 22. Re3
{[%clk 0:27:25]} Rb8 {[%clk 0:23:47]} 23. Ree1 {[%clk 0:24:45]} Rbc8
{[%clk 0:19:44]} 24. Re3 {[%clk 0:23:52]} Rb8 {[%clk 0:15:53]} 25. Ree1
{[%clk 0:23:13]} Rbc8 {[%clk 0:15:47]} 1/2-1/2

[Event "14th Iranian Super League (Men - 1st Season) 2015 "]
[Site "Mazandaran (Sari)"]
[Date "2015.07.19"]
[Round "4"]
[Board "1"]
[White "Nasri, Amin"]
[Black "Guseinov, Gadir"]
[Result "0-1"]
[WhiteElo "2318"]
[BlackElo "2616"]
[PlyCount "0"]
[EventDate "2015.07.17"]
[EventType "team"]
[EventRounds "13"]
[EventCountry "IRI"]
[WhiteTeam "Darya borj Shiraz"]
[BlackTeam "Shahrdari Tabriz"]

1. d4 {[%clk 1:26:47]} e6 {[%clk 1:26:55]} 2. g3 {[%clk 1:25:54]} c5
{[%clk 1:25:48]} 3. Bg2 {[%clk 1:24:39]} cxd4 {[%clk 1:24:03]} 4. Qxd4
{[%clk 1:21:00]} Nc6 {[%clk 1:24:05]} 5. Qa4 {[%clk 1:20:21]} Nf6
{[%clk 1:22:04]} 6. Nf3 {[%clk 1:20:19]} d5 {[%clk 1:19:44]} 7. O-O
{[%clk 1:13:19]} Bd7 {[%clk 1:18:45]} 8. c3 {[%clk 1:03:32]} Ne5 {[%clk 1:10:52]}
9. Qb3 {[%clk 0:58:44]} Nxf3+ {[%clk 1:06:37]} 10. Bxf3 {[%clk 0:58:01]} b5
{[%clk 1:01:39]} 11. Bf4 {[%clk 0:56:52]} Bc5 {[%clk 1:00:15]} 12. Nd2
{[%clk 0:56:15]} O-O {[%clk 1:00:01]} 13. e4 {[%clk 0:48:59]} Bc6
{[%clk 1:00:24]} 14. Bg5 {[%clk 0:47:56]} h6 {[%clk 1:00:44]} 15. exd5
{[%clk 0:38:09]} exd5 {[%clk 0:49:49]} 16. Bxf6 {[%clk 0:34:46]} Qxf6
{[%clk 0:50:06]} 17. Bxd5 {[%clk 0:34:55]} Rfe8 {[%clk 0:50:28]} 18. Bxc6
{[%clk 0:31:58]} Qxc6 {[%clk 0:50:53]} 19. Rae1 {[%clk 0:30:55]} Rad8
{[%clk 0:47:43]} 20. Qc2 {[%clk 0:26:25]} Qd5 {[%clk 0:46:48]} 21. Nb3
{[%clk 0:16:13]} Bb6 {[%clk 0:44:38]} 22. Rd1 {[%clk 0:06:07]} Qc4
{[%clk 0:36:54]} 23. Rfe1 {[%clk 0:04:42]} a5 {[%clk 0:28:33]} 24. Rxd8
{[%clk 0:03:41]} Rxd8 {[%clk 0:28:58]} 25. Qe2 {[%clk 0:03:59]} Qd5
{[%clk 0:23:59]} 26. Qe4 {[%clk 0:01:07]} a4 {[%clk 0:23:37]} 27. Qxd5
{[%clk 0:00:36]} Rxd5 {[%clk 0:24:03]} 28. Re8+ {[%clk 0:00:57]} Kh7
{[%clk 0:24:28]} 29. Nd4 {[%clk 0:01:23]} Bxd4 {[%clk 0:23:22]} 30. cxd4
{[%clk 0:01:52]} Rxd4 {[%clk 0:23:47]} 31. Re5 {[%clk 0:01:32]} Rb4
{[%clk 0:24:09]} 32. Re2 {[%clk 0:01:55]} Kg6 {[%clk 0:24:29]} 33. Rd2
{[%clk 0:01:39]} Kf5 {[%clk 0:24:16]} 34. f3 {[%clk 0:01:31]} Ke5
{[%clk 0:23:46]} 35. Kf2 {[%clk 0:01:49]} f5 {[%clk 0:22:03]} 36. Re2+
{[%clk 0:00:44]} Kd5 {[%clk 0:22:08]} 37. Ke3 {[%clk 0:00:52]} g5
{[%clk 0:22:29]} 38. Rd2+ {[%clk 0:00:39]} Kc5 {[%clk 0:19:53]} 39. Rc2+
{[%clk 0:00:37]} Rc4 {[%clk 0:20:14]} 40. Rd2 {[%clk 0:00:47]} f4+
{[%clk 0:20:23]} 41. Ke2 {[%clk 0:01:01]} Rc1 {[%clk 0:19:58]} 42. gxf4
{[%clk 0:00:58]} gxf4 {[%clk 0:20:25]} 43. Rd1 {[%clk 0:00:44]} Rc4
{[%clk 0:14:49]} 44. Rd8 {[%clk 0:01:02]} Rb4 {[%clk 0:14:10]} 45. Rd2
{[%clk 0:00:56]} Kc4 {[%clk 0:03:43]} 46. Rc2+ {[%clk 0:00:37]} Kd4
{[%clk 0:03:59]} 47. Rd2+ {[%clk 0:00:59]} Ke5 {[%clk 0:04:19]} 48. Kd1
{[%clk 0:01:14]} Kf6 {[%clk 0:02:32]} 49. Rd6+ {[%clk 0:00:50]} Kg5
{[%clk 0:02:34]} 50. Kc2 {[%clk 0:00:00]} 0-1

[Event "14th Iranian Super League (Men - 1st Season) 2015 "]
[Site "Mazandaran (Sari)"]
[Date "2015.07.19"]
[Round "4"]
[Board "2"]
[White "Ghaem Maghami, Ehsan"]
[Black "Faridi, Faham"]
[Result "1-0"]
[WhiteElo "2570"]
[BlackElo "1976"]
[PlyCount "0"]
[EventDate "2015.07.17"]
[EventType "team"]
[EventRounds "13"]
[EventCountry "IRI"]
[WhiteTeam "Shahrdari Tabriz"]
[BlackTeam "Darya borj Shiraz"]

1. Nf3 {[%clk 1:19:57]} d5 {[%clk 1:30:25]} 2. d4 {[%clk 1:19:41]} Nf6
{[%clk 1:29:00]} 3. c4 {[%clk 1:20:04]} e6 {[%clk 1:28:59]} 4. g3
{[%clk 1:20:05]} b6 {[%clk 1:27:06]} 5. cxd5 {[%clk 1:19:03]} Nxd5
{[%clk 1:26:38]} 6. Bg2 {[%clk 1:19:13]} Bb4+ {[%clk 1:26:29]} 7. Bd2
{[%clk 1:18:48]} Bxd2+ {[%clk 1:25:51]} 8. Qxd2 {[%clk 1:18:21]} Bb7
{[%clk 1:24:26]} 9. O-O {[%clk 1:18:23]} O-O {[%clk 1:23:07]} 10. Re1
{[%clk 1:17:23]} Nf6 {[%clk 1:21:22]} 11. Nc3 {[%clk 1:17:34]} Ne4
{[%clk 1:16:33]} 12. Qc2 {[%clk 1:16:28]} f5 {[%clk 1:09:46]} 13. Rac1
{[%clk 1:14:26]} c5 {[%clk 0:59:25]} 14. dxc5 {[%clk 1:10:19]} Nxc5
{[%clk 0:58:13]} 15. b4 {[%clk 1:09:30]} Ne4 {[%clk 0:47:22]} 16. Nd2
{[%clk 1:04:09]} Nd6 {[%clk 0:37:44]} 17. Bxb7 {[%clk 1:02:47]} Nxb7
{[%clk 0:38:12]} 18. Nb5 {[%clk 1:03:06]} Nd7 {[%clk 0:27:20]} 19. Qc6
{[%clk 1:01:26]} Rf7 {[%clk 0:25:52]} 20. Qxb7 {[%clk 1:00:58]} Ne5
{[%clk 0:18:04]} 21. Qg2 {[%clk 1:01:11]} a5 {[%clk 0:15:44]} 22. Nc4
{[%clk 1:01:07]} 1-0

[Event "14th Iranian Super League (Men - 1st Season) 2015 "]
[Site "Mazandaran (Sari)"]
[Date "2015.07.19"]
[Round "4"]
[Board "3"]
[White "Afshari, Mohammadreza"]
[Black "Golizadeh, Asghar"]
[Result "0-1"]
[WhiteElo "2151"]
[BlackElo "2448"]
[PlyCount "0"]
[EventDate "2015.07.17"]
[EventType "team"]
[EventRounds "13"]
[EventCountry "IRI"]
[WhiteTeam "Darya borj Shiraz"]
[BlackTeam "Shahrdari Tabriz"]

1. d4 {[%clk 1:26:49]} Nf6 {[%clk 1:23:44]} 2. c4 {[%clk 1:27:11]} e6
{[%clk 1:24:08]} 3. Nc3 {[%clk 1:27:36]} Bb4 {[%clk 1:24:08]} 4. e3
{[%clk 1:27:55]} b6 {[%clk 1:24:15]} 5. Nge2 {[%clk 1:27:59]} Ba6
{[%clk 1:24:09]} 6. a3 {[%clk 1:27:27]} Bxc3+ {[%clk 1:24:01]} 7. Nxc3
{[%clk 1:27:49]} d5 {[%clk 1:23:56]} 8. b3 {[%clk 1:20:50]} O-O {[%clk 1:23:40]}
9. Be2 {[%clk 1:20:33]} Nc6 {[%clk 1:23:43]} 10. O-O {[%clk 1:19:15]} dxc4
{[%clk 1:22:06]} 11. bxc4 {[%clk 1:18:15]} Na5 {[%clk 1:20:42]} 12. Qa4
{[%clk 1:10:06]} Qd7 {[%clk 1:01:24]} 13. Nb5 {[%clk 0:54:07]} c6
{[%clk 0:48:51]} 14. Nc3 {[%clk 0:54:31]} c5 {[%clk 0:49:09]} 15. Nb5
{[%clk 0:52:19]} cxd4 {[%clk 0:40:04]} 16. Rd1 {[%clk 0:51:26]} Rac8
{[%clk 0:27:09]} 17. Bb2 {[%clk 0:46:32]} Qe7 {[%clk 0:21:27]} 18. Bxd4
{[%clk 0:31:14]} Ne4 {[%clk 0:20:55]} 19. Qb4 {[%clk 0:28:25]} Qh4
{[%clk 0:17:46]} 20. g3 {[%clk 0:21:26]} Qh3 {[%clk 0:18:06]} 21. Nxa7
{[%clk 0:17:37]} Rxc4 {[%clk 0:17:44]} 22. Qxb6 {[%clk 0:09:38]} Bb7
{[%clk 0:17:26]} 23. Bf1 {[%clk 0:06:24]} Qf5 {[%clk 0:17:01]} 24. f4
{[%clk 0:06:23]} Rc2 {[%clk 0:14:45]} 25. Rac1 {[%clk 0:04:17]} Rf2
{[%clk 0:07:32]} 26. Qb5 {[%clk 0:03:15]} Qg4 {[%clk 0:06:21]} 27. Qxa5
{[%clk 0:01:44]} Rxh2 {[%clk 0:04:52]} 28. Qe1 {[%clk 0:01:43]} Rh1+
{[%clk 0:03:55]} 29. Kxh1 {[%clk 0:01:25]} 0-1